[Event "American Continental 17th"]
[Site "Juan Dolio"]
[Date "2023.05.22"]
[Round "10"]
[White "Figueredo Losada, Leonel"]
[Black "Tineo Rodriguez, Brian Jeremiah"]
[Result "1-0"]
[WhiteElo "2353"]
[BlackElo "1994"]
[PlyCount "119"]
[EventDate "2023.05.15"]
[EventType "swiss"]
[EventRounds "11"]
[EventCountry "DOM"]
[SourceTitle "CBM 214 Extra"]
[Source "ChessBase"]
[SourceDate "2023.07.31"]
[SourceVersion "1"]
[SourceVersionDate "2023.07.31"]
[SourceQuality "1"]

1. e4 e6 2. d4 d5 3. Nd2 Nf6 4. e5 Nfd7 5. f4 c5 6. c3 Nc6 7. Ndf3 a5 8. Bd3 Be7 9. Ne2 b6 10. 0-0 g6 11. Rf2 Ba6 12. Bc2 Qc7 13. Be3 cxd4 14. cxd4 Nb4 15. Bb1 b5 16. g4 h5 17. h3 Nb6 18. a3 Nc6 19. b3 a4 20. b4 Nc4 21. Bc1 0-0-0 22. Qd3 Qa7 23. Kg2 hxg4 24. hxg4 Rh7 25. Rf1 Rdh8 26. Be3 Rh3 27. Ng3 Qc7 28. Bf2 Qd8 29. Bc2 Kd7 30. Rh1 Rxh1 31. Rxh1 Rxh1 32. Kxh1 Qh8+ 33. Kg2 Qh6 34. Ne2 Kc7 35. Be1 Kb6 36. Bd2 Qf8 37. Qc3 Bb7 38. Nc1 Qg7 39. Nd3 f6 40. Bc1 g5 41. exf6 Bxf6 42. fxg5 Bxd4 43. Nxd4 Nxd4 44. Nc5 e5 45. Nxb7 Qxb7 46. g6 Qg7 47. Be3 Kc6 48. Bg5 Ne6 49. Bc1 Kd6 50. Qf3 Nd4 51. Qf2 Ne6 52. Bf5 Nd4 53. Qh4 Qf8 54. Qg5 Ne6 55. Bxe6 Kxe6 56. g7 Qg8 57. Qg6+ Kd7 58. Qf5+ Ke8 59. Bh6 d4 60. Qf8+ 1-0

[Event "Santo Domingo Gesta Catorce op"]
[Site "Santo Domingo"]
[Date "2016.06.25"]
[Round "3"]
[White "Tineo Rodriguez, Brian Jeremiah"]
[Black "Brito Cedeno, Pedro Maria"]
[Result "1/2-1/2"]
[WhiteElo "2056"]
[BlackElo "1896"]
[PlyCount "76"]
[EventDate "2016.06.24"]
[EventType "swiss"]
[EventRounds "8"]
[EventCountry "DOM"]
[SourceTitle "EXT 2017"]
[Source "ChessBase"]
[SourceDate "2016.10.25"]
[SourceVersion "1"]
[SourceVersionDate "2016.10.25"]
[SourceQuality "1"]

1. e4 e6 2. d4 d5 3. Nc3 dxe4 4. Nxe4 Nd7 5. Nf3 Be7 6. Bd3 Ngf6 7. c3 b6 8. 0-0 Bb7 9. Re1 0-0 10. Neg5 c5 11. Qe2 cxd4 12. cxd4 Bd5 13. Bd2 Bd6 14. Ne5 Rc8 15. Qe3 h6 16. Ngf3 Qe7 17. a3 Rfd8 18. Bc3 Nf8 19. Rac1 Qb7 20. Bb1 b5 21. Bd3 a6 22. Qe2 Bxe5 23. dxe5 N6d7 24. Be4 Bxe4 25. Qxe4 Qxe4 26. Rxe4 Nc5 27. Rd4 Nb3 28. Rxd8 Rxd8 29. Re1 Ng6 30. g3 Rd5 31. Kg2 Ne7 32. h3 Nc6 33. Re3 Nba5 34. Bxa5 Nxa5 35. b3 Nc6 36. Rc3 Nxe5 37. Nxe5 Rxe5 38. Rc6 a5 1/2-1/2

[Event "Santo Domingo U2080 op"]
[Site "Santo Domingo"]
[Date "2016.06.11"]
[Round "3"]
[White "Tineo Rodriguez, Brian Jeremiah"]
[Black "Araujo Sanchez, Josue"]
[Result "1-0"]
[WhiteElo "2056"]
[BlackElo "1772"]
[PlyCount "75"]
[EventDate "2016.06.10"]
[EventType "swiss"]
[EventRounds "8"]
[EventCountry "DOM"]
[SourceTitle "CBM 172 Extra"]
[Source "ChessBase"]
[SourceDate "2016.06.21"]
[SourceVersion "1"]
[SourceVersionDate "2016.06.21"]
[SourceQuality "1"]

1. e4 e6 2. d4 b6 3. c4 Bb4+ 4. Bd2 Qe7 5. Nf3 Bb7 6. Bxb4 Qxb4+ 7. Qd2 Qxd2+ 8. Nbxd2 d5 9. exd5 exd5 10. 0-0-0 f6 11. cxd5 Bxd5 12. Bc4 Bxc4 13. Nxc4 Nd7 14. Rhe1+ Kf7 15. d5 Nh6 16. d6 cxd6 17. Nxd6+ Kf8 18. Nd4 Ne5 19. f4 Ng6 20. g3 Kg8 21. Re2 Nf7 22. N4b5 Rd8 23. Rc2 Nxd6 24. Nxd6 Rd7 25. Rc8+ Nf8 26. Nf5 Rxd1+ 27. Kxd1 g6 28. Nd6 h5 29. Ne4 Kf7 30. Rc7+ Ke6 31. Rxa7 Nd7 32. Rc7 Rd8 33. Kc2 Kf5 34. Nd6+ Ke6 35. Nc4 Kd5 36. Rxd7+ Rxd7 37. Nxb6+ Kd6 38. Nxd7 1-0

[Event "DOM-ch"]
[Site "Santo Domingo"]
[Date "2016.04.09"]
[Round "6"]
[White "Tineo Rodriguez, Brian Jeremiah"]
[Black "Rodriguez Nunez, Jose Altagracia"]
[Result "1-0"]
[WhiteElo "2074"]
[BlackElo "2197"]
[PlyCount "41"]
[EventDate "2016.04.01"]
[EventType "swiss"]
[EventRounds "11"]
[EventCountry "DOM"]
[SourceTitle "CBM 171 Extra"]
[Source "ChessBase"]
[SourceDate "2016.04.26"]
[SourceVersion "1"]
[SourceVersionDate "2016.04.26"]
[SourceQuality "1"]

1. e4 Nc6 2. Nf3 e6 3. d4 d5 4. e5 f6 5. exf6 Nxf6 6. c3 Bd6 7. Bg5 0-0 8. Bd3 Qe8 9. 0-0 e5 10. dxe5 Nxe5 11. Bxf6 Rxf6 12. Be2 c6 13. Nbd2 Bg4 14. Re1 Bxf3 15. Nxf3 Qh5 16. h3 Raf8 17. Qd4 Nxf3+ 18. Bxf3 Rxf3 19. gxf3 Qxf3 20. Qe3 Qxh3 21. Qxh3 1-0

[Event "DOM-ch"]
[Site "Santo Domingo"]
[Date "2016.04.02"]
[Round "2"]
[White "Perez Florentino, Yordan Nicolas"]
[Black "Tineo Rodriguez, Brian Jeremiah"]
[Result "0-1"]
[WhiteElo "1741"]
[BlackElo "2074"]
[PlyCount "80"]
[EventDate "2016.04.01"]
[EventType "swiss"]
[EventRounds "11"]
[EventCountry "DOM"]
[SourceTitle "CBM 171 Extra"]
[Source "ChessBase"]
[SourceDate "2016.04.26"]
[SourceVersion "1"]
[SourceVersionDate "2016.04.26"]
[SourceQuality "1"]

1. d4 Nf6 2. Nf3 g6 3. Bf4 Bg7 4. e3 0-0 5. Be2 d6 6. c3 Nbd7 7. Nbd2 Qe8 8. Nc4 Nh5 9. Bg5 f5 10. Nfd2 Nhf6 11. h4 h6 12. Bf4 e5 13. Bh2 f4 14. Qb3 Kh8 15. exf4 exd4 16. cxd4 Ng4 17. Qd3 Nxh2 18. Rxh2 Rxf4 19. Nf3 Nf6 20. g3 Bf5 21. Qe3 Re4 22. Qd2 Ng4 23. Rg2 Qe6 24. Kf1 Re8 25. Bd3 Nf6 26. Ne3 Rxe3 27. fxe3 Bh3 28. Bxg6 Ne4 29. Bxe4 Qxe4 30. Kf2 Rf8 31. Qe2 Bg4 32. Qd2 Qxf3+ 33. Kg1 Bh3 34. Kh2 Bxg2 35. Qxg2 Qxg2+ 36. Kxg2 Kh7 37. Rc1 c6 38. b4 Re8 39. Kf3 h5 40. Ke2 Rxe3+ 0-1

[Event "Santo Domingo Regional-ch"]
[Site "Santo Domingo"]
[Date "2016.03.19"]
[Round "6"]
[White "Legreaux Quintana, Manuel Antonio"]
[Black "Tineo Rodriguez, Brian Jeremiah"]
[Result "0-1"]
[WhiteElo "1775"]
[BlackElo "2091"]
[PlyCount "80"]
[EventDate "2016.03.11"]
[EventType "swiss"]
[EventRounds "7"]
[EventCountry "DOM"]
[SourceTitle "EXT 2017"]
[Source "ChessBase"]
[SourceDate "2016.10.25"]
[SourceVersion "1"]
[SourceVersionDate "2016.10.25"]
[SourceQuality "1"]

1. e4 c5 2. Bc4 Nc6 3. d3 Nf6 4. h3 e6 5. Nf3 d6 6. a3 Be7 7. Be3 0-0 8. Nbd2 Rb8 9. g4 d5 10. Ba2 dxe4 11. dxe4 Qc7 12. Qe2 b5 13. g5 Nh5 14. Nb3 Nf4 15. Qf1 c4 16. Nbd4 Nxd4 17. Bxd4 Bb7 18. Nd2 Rbd8 19. Bc3 Bxg5 20. Rg1 Bh6 21. 0-0-0 g6 22. Kb1 Bg7 23. Bxg7 Kxg7 24. f3 c3 25. Nb3 Rxd1+ 26. Qxd1 Rd8 27. Qe1 cxb2 28. Qa5 Qxa5 29. Nxa5 Ba8 30. Kxb2 Nxh3 31. Rf1 Nf4 32. Rf2 h5 33. Nb3 h4 34. Nc1 h3 35. Rh2 Rd1 36. Nd3 Nxd3+ 37. cxd3 Rxd3 38. Rxh3 Bxe4 39. Bb1 Rxf3 40. Rxf3 Bxf3 0-1

[Event "Santo Domingo Regional-ch"]
[Site "Santo Domingo"]
[Date "2016.03.12"]
[Round "2"]
[White "Nouel Leon, Juan Manuel"]
[Black "Tineo Rodriguez, Brian Jeremiah"]
[Result "0-1"]
[WhiteElo "1874"]
[BlackElo "2091"]
[PlyCount "80"]
[EventDate "2016.03.11"]
[EventType "swiss"]
[EventRounds "7"]
[EventCountry "DOM"]
[SourceTitle "EXT 2017"]
[Source "ChessBase"]
[SourceDate "2016.10.25"]
[SourceVersion "1"]
[SourceVersionDate "2016.10.25"]
[SourceQuality "1"]

1. e4 c5 2. Nf3 d6 3. c3 Nf6 4. d3 g6 5. Be2 Bg7 6. 0-0 0-0 7. h3 Nc6 8. Be3 Bd7 9. Re1 b5 10. Nbd2 a5 11. a3 b4 12. axb4 axb4 13. Qc2 Qc7 14. Nb3 Qb7 15. c4 e5 16. Qd2 Nd4 17. Nfxd4 cxd4 18. Bh6 Ba4 19. Bxg7 Kxg7 20. Bd1 Bxb3 21. Bxb3 Rxa1 22. Rxa1 Nd7 23. Qg5 Nc5 24. Bc2 b3 25. Bb1 f6 26. Qd2 Ra8 27. Ra5 Rxa5 28. Qxa5 Kf7 29. h4 Ke7 30. g4 Qa6 31. Qd2 Qa1 32. Qh6 Qxb1+ 33. Kg2 Qxd3 34. Qxh7+ Kd8 35. Qg8+ Kc7 36. Qf7+ Kb6 37. Qxg6 Qxe4+ 38. Qxe4 Nxe4 39. h5 Ng5 40. Kf1 Kc5 0-1

[Event "Santo Domingo Duarte Memorial 5th"]
[Site "Santo Domingo"]
[Date "2016.01.15"]
[Round "5"]
[White "Brito Rondon, Enmanuel De Jesus"]
[Black "Tineo Rodriguez, Brian Jeremiah"]
[Result "1-0"]
[WhiteElo "1929"]
[BlackElo "2074"]
[PlyCount "109"]
[EventDate "2016.01.08"]
[EventType "swiss"]
[EventRounds "8"]
[EventCountry "DOM"]
[SourceTitle "CBM 170 Extra"]
[Source "ChessBase"]
[SourceDate "2016.02.25"]
[SourceVersion "1"]
[SourceVersionDate "2016.02.25"]
[SourceQuality "1"]

1. g3 Nf6 2. Bg2 g6 3. e4 d6 4. d4 Bg7 5. Ne2 0-0 6. 0-0 e5 7. c3 Nc6 8. f3 Re8 9. d5 Nb8 10. Be3 c6 11. c4 c5 12. Nbc3 Nbd7 13. Nc1 Nf8 14. Nd3 b6 15. a4 a5 16. Ne1 h6 17. Nc2 g5 18. Qd2 Ng6 19. Nb5 Nh7 20. Nc3 f5 21. exf5 Bxf5 22. Ne4 Ra7 23. Na3 Rf7 24. Nb5 Bf8 25. Nbc3 Be7 26. Rf2 Ref8 27. Raf1 Nf4 28. g4 Bg6 29. Bxf4 exf4 30. Re2 Nf6 31. h3 Nd7 32. Rfe1 Ne5 33. b3 Re8 34. Nb5 Bf8 35. Qc3 Bxe4 36. Rxe4 Bg7 37. Qc2 Rfe7 38. Kf2 Nf7 39. Na7 Bd4+ 40. Kf1 Rxe4 41. Rxe4 Ne5 42. Nb5 Be3 43. Rxe5 Rxe5 44. Qg6+ Kh8 45. Nxd6 Re7 46. Qxh6+ Kg8 47. Qxg5+ Kf8 48. Qf6+ Kg8 49. Nf5 Rd7 50. Qe6+ Kf8 51. d6 Qe8 52. Ne7 Rxe7 53. dxe7+ Qxe7 54. Qxb6 Bd2 55. Qh6+ 1-0

[Event "Santo Domingo Duarte Memorial 5th"]
[Site "Santo Domingo"]
[Date "2016.01.10"]
[Round "4"]
[White "Tineo Rodriguez, Brian Jeremiah"]
[Black "Canela Vasquez, Miguel William"]
[Result "1-0"]
[WhiteElo "2074"]
[BlackElo "1918"]
[PlyCount "111"]
[EventDate "2016.01.08"]
[EventType "swiss"]
[EventRounds "8"]
[EventCountry "DOM"]
[SourceTitle "CBM 170 Extra"]
[Source "ChessBase"]
[SourceDate "2016.02.25"]
[SourceVersion "1"]
[SourceVersionDate "2016.02.25"]
[SourceQuality "1"]

1. e4 c6 2. d4 d5 3. Nc3 dxe4 4. Nxe4 Bf5 5. Ng3 Bg6 6. Nf3 Nd7 7. h4 h6 8. h5 Bh7 9. Bd3 Bxd3 10. Qxd3 e6 11. Bf4 Ngf6 12. 0-0-0 Be7 13. Kb1 Nd5 14. Bd2 Qc7 15. Ne4 b5 16. Rh3 Nf4 17. Bxf4 Qxf4 18. Rg3 0-0 19. Qe3 Qxe3 20. fxe3 Rfd8 21. c3 Rac8 22. Rf1 Nf6 23. Nxf6+ Bxf6 24. e4 c5 25. e5 Be7 26. Rg4 cxd4 27. cxd4 Rd7 28. Rc1 Rdc7 29. Rxc7 Rxc7 30. Re4 Kf8 31. Re2 Ke8 32. Rc2 Kd7 33. g4 Rxc2 34. Kxc2 Kc6 35. Kd3 Kd5 36. Ne1 a5 37. Nc2 Bg5 38. b3 Be7 39. a4 bxa4 40. Ne3+ Kc6 41. bxa4 Bg5 42. Nc4 Bd8 43. Nd6 Kd5 44. Nxf7 Bb6 45. g5 hxg5 46. Nxg5 Bxd4 47. Nxe6 Bxe5 48. Ng5 Kc5 49. Ke4 Bb2 50. Kf5 Kb4 51. Kg6 Kxa4 52. Ne6 Kb3 53. Nxg7 Bc1 54. Ne6 a4 55. Nc5+ Kb4 56. Nd3+ 1-0

[Event "Santo Domingo Duarte Memorial 5th"]
[Site "Santo Domingo"]
[Date "2016.01.09"]
[Round "2"]
[White "Tineo Rodriguez, Brian Jeremiah"]
[Black "Batlle Ysa, Rafael Jorge"]
[Result "1-0"]
[WhiteElo "2074"]
[BlackElo "1921"]
[PlyCount "51"]
[EventDate "2016.01.08"]
[EventType "swiss"]
[EventRounds "8"]
[EventCountry "DOM"]
[SourceTitle "CBM 170 Extra"]
[Source "ChessBase"]
[SourceDate "2016.02.25"]
[SourceVersion "1"]
[SourceVersionDate "2016.02.25"]
[SourceQuality "1"]

1. e4 c5 2. Nf3 d6 3. d4 cxd4 4. Nxd4 Nf6 5. Nc3 a6 6. Bc4 e6 7. Bb3 Be7 8. 0-0 Nc6 9. f4 Qc7 10. Kh1 0-0 11. f5 Nxd4 12. Qxd4 Bd7 13. Bg5 Rad8 14. Rad1 Bc8 15. a4 Ng4 16. e5 Nxe5 17. f6 Bxf6 18. Rxf6 gxf6 19. Bxf6 h6 20. Qh4 Kh7 21. Ne4 Rg8 22. Ng5+ Kg6 23. Rf1 d5 24. c3 d4 25. Qe4+ Kh5 26. Bd1+ 1-0

[Event "Santo Domingo La Raza op"]
[Site "Santo Domingo"]
[Date "2015.10.12"]
[Round "1"]
[White "Tineo Rodriguez, Brian Jeremiah"]
[Black "Sanchez Minaya, Eduardo Manuel"]
[Result "1-0"]
[WhiteElo "2009"]
[BlackElo "1710"]
[PlyCount "34"]
[EventDate "2015.10.12"]
[EventType "swiss"]
[EventRounds "8"]
[EventCountry "DOM"]
[SourceTitle "CBM 169 Extra"]
[Source "ChessBase"]
[SourceDate "2015.12.18"]
[SourceVersion "1"]
[SourceVersionDate "2015.12.18"]
[SourceQuality "1"]

1. e4 e5 2. Nf3 Nf6 3. Nxe5 d6 4. Nf3 Nxe4 5. d4 Be7 6. Bd3 f5 7. 0-0 Be6 8. c4 c6 9. Nc3 Nxc3 10. bxc3 0-0 11. Re1 Qd7 12. Qe2 Kf7 13. d5 cxd5 14. cxd5 Bxd5 15. Bc4 Bxc4 16. Qxc4+ Ke8 17. Rxe7+ Kxe7 1-0